000 00523nam a2200193Ia 4500
005 20250326123832.0
008 250326s9999 xx 000 0 und d
037 _aTextbook
040 _aFMSL
_beng
_cFMSL
041 _aeng
_2eng
084 _aS4(X8) M4;3
_qFMSL
100 _aMccormick E J
_9736220
245 0 _aIndustrial psychology
_cMccormick E J
250 _a7
260 _aNew Delhi
_bNew Delhi, Prentice-Hall
_c1984
300 _a465p
942 _cTB
_hS4(X8) M4;3
999 _c1271135
_d1271135